Joueurs français sélectionnés en grande compétition depuis 2018 - Statistiques

Statistiques générales
  • Ce quiz a été pris 81 fois
  • Le résultat moyen est 38 sur 51
Statistiques - réponses
Compétitions participées Première sélection Dernière sélection (actuelle) Nombre de matchs Nombre de buts Joueurs % Correct
CdM 2018, Euro 2020, CdM 2022, Euro 2024 5 mars 2014 (France 2-0 Pays-Bas) 9 juillet 2024 (Espagne 2-1 France) 135 44 Antoine Griezmann
100%
CdM 2018, Euro 2020, CdM 2022, Euro 2024 25 mars 2017 (Luxembourg 1-3 France) 9 juillet 2024 (Espagne 2-1 France) 84 48 Kylian Mbappé
100%
CdM 2018, Euro 2020, CdM 2022, Euro 2024 11 novembre 2011 (France 1-1 Bosnie-Herzégovine) 9 juillet 2024 (Espagne 2-1 France) 137 57 Olivier Giroud
98%
CdM 2018, Euro 2020, CdM 2022 19 novembre 2008 (France 0-0 Uruguay) 18 décembre 2022 (Argentine 3-3 France) 145 0 Hugo Lloris
97%
CdM 2018, Euro 2020, CdM 2022 22 mars 2013 (France 3-1 Géorgie) 18 décembre 2022 (Argentine 3-3 France) 93 5 Raphaël Varane
95%
CdM 2018, CdM 2022, Euro 2024 6 septembre 2018 (Allemagne 0-0 France) 25 septembre 2022 (Danemark 2-0 France) 5 0 Alphonse Aréola
92%
CdM 2018, Euro 2020, CdM 2022 23 mars 2018 (France 2-3 Colombie) 23 mars 2024 (France 0-2 Allemagne) 37 0 Lucas Hernandez
92%
CdM 2018, Euro 2020, Euro 2024 25 mars 2016 (Pays-Bas 2 3 France) 9 juillet 2024 (Espagne 2-1 France) 61 2 N'Golo Kanté
92%
CdM 2018, Euro 2020 22 mars 2013 (France 3-1 Géorgie) 29 mars 2022 (France 5-0 Afrique du Sud) 91 11 Paul Pogba
92%
CdM 2022, Euro 2024 7 septembre 2021 (France 2-0 Finlande) 9 juillet 2024 (Espagne 2-1 France) 33 2 Théo Hernandez
92%
CdM 2022, Euro 2024 1er septembre 2021 (France 1-1 Bosnie-Herzégovine) 9 juillet 2024 (Espagne 2-1 France) 36 3 Aurélien Tchouaméni
91%
CdM 2018, Euro 2020, CdM 2022, Euro 2024 1er septembre 2016 (Italie 1-3 France) 9 juillet 2024 (Espagne 2-1 France) 49 5 Ousmane Dembélé
91%
CdM 2022, Euro 2024 8 septembre 2020 (France 4-2 Croatie) 9 juillet 2024 (Espagne 2-1 France) 21 1 Eduardo Camavinga
89%
Euro 2020, Euro 2024 7 octobre 2020 (France 7-1 Ukraine) 9 juillet 2024 (Espagne 2-1 France) 22 0 Mike Maignan
89%
Euro 2020, CdM 2022 28 mars 2007 (France 1-0 Autriche) 13 juin 2022 (France 0-1 Croatie) 97 37 Karim Benzema
88%
CdM 2018, Euro 2020, CdM 2022, Euro 2024 10 novembre 2017 (France 2-0 Pays de Galles) 5 juin 2024 (France 3-0 Luxembourg) 54 5 Benjamin Pavard
86%
CdM 2018, Euro 2020, CdM 2022 5 février 2008 (France 0-0 République démocratique du Congo) 30 novembre 2022 (Tunisie 1-0 France) 35 0 Steve Mandanda
86%
Euro 2020, CdM 2022, Euro 2024 15 novembre 2016 (France 0-0 Côte d'Ivoire) 9 juillet 2024 (Espagne 2-1 France) 48 4 Adrien Rabiot
83%
CdM 2018 7 septembre 2010 (Bosnie-Herzégovine 0-2 France) 14 octobre 2019 (France 1-1 Turquie) 84 9 Blaise Matuidi
82%
CdM 2018 10 novembre 2017 (France 2-0 Pays de Galles) 17 novembre 2020 (France 4-2 Suède) 20 0 Steven Nzonzi
82%
CdM 2022, Euro 2024 25 mars 2022 (France 2-1 Côte d'Ivoire) 9 juillet 2024 (Espagne 2-1 France) 21 0 William Saliba
82%
Euro 2020, CdM 2022, Euro 2024 13 novembre 2015 (France 2-0 Allemagne) 21 juin 2024 (Pays-Bas 0-0 France) 57 8 Kingsley Coman
80%
CdM 2022, Euro 2024 22 septembre 2022 (France 2-0 Autriche) 9 juillet 2024 (Espagne 2-1 France) 22 5 Randal Kolo Muani
80%
CdM 2018 3 juin 2016 (France 5-2 Islande) 8 juin 2019 (Turquie 2-0 France) 31 4 Samuel Umtiti
80%
CdM 2018 11 août 2010 (Norvège 2-1 France) 20 novembre 2018 (France 1-0 Uruguay) 36 1 Adil Rami
79%
Euro 2024 5 juin 2024 (France 3-0 Luxembourg) 9 juillet 2024 (Espagne 2-1 France) 5 0 Bradley Barcola
79%
CdM 2022, Euro 2024 5 septembre 2020 (Suède 0-1 France) 9 juillet 2024 (Espagne 2-1 France) 26 2 Dayot Upamecano
79%
Euro 2024 16 juin 2023 (Gilbraltar 0-3 France) 18 novembre 2023 (Grèce 2-2 France) 3 0 Brice Samba
77%
CdM 2022, Euro 2024 13 juin 2022 (France 0-1 Croatie) 9 juin 2024 (France 0-0 Canada) 16 0 Ibrahima Konaté
77%
CdM 2018 2 juin 2017 (France 5-0 Paraguay) 11 juin 2019 (Andorre 0-4 France) 10 1 Florian Thauvin
76%
Euro 2020, CdM 2022, Euro 2024 2 juin 2021 (France 3-0 Pays de Galles) 9 juillet 2024 (Espagne 2-1 France) 34 0 Jules Koundé
73%
CdM 2018 26 mars 2015 (France 1-3 Brésil) 8 septembre 2020 (France 4-2 Croatie) 25 2 Nabil Fekir
71%
Euro 2024 18 novembre 2023 (France 14-0 Gibraltar) 5 juin 2024 (France 3-0 Luxembourg) 3 1 Warren Zaïre-Emery
71%
Euro 2024 25 mars 2022 (France 2-1 Côte d'Ivoire) 5 juin 2024 (France 3-0 Luxembourg) 13 2 Jonathan Clauss
70%
Euro 2020, CdM 2022, Euro 2024 11 novembre 2020 (France 0-2 Finlande) 5 juillet 2024 (Portugal 0-0 France) 24 2 Marcus Thuram
70%
CdM 2022, Euro 2024 22 septembre 2022 (France 2-0 Autriche) 5 juillet 2024 (Portugal 0-0 France) 21 3 Youssouf Fofana
70%
CdM 2018 25 mars 2017 (Luxembourg 1-3 France) 17 novembre 2019 (Albanie 0-2 France) 10 0 Benjamin Mendy
68%
CdM 2018 1er septembre 2016 (Italie 1-3 France) 26 juin 2018 (Danemark 0-0 France) 18 1 Djibril Sidibé
68%
Euro 2024 20 novembre 2018 (France 1-0 Uruguay) 9 juin 2024 (France 0-0 Canada) 10 0 Ferland Mendy
68%
Euro 2020 5 mars 2014 (France 2-0 Pays-Bas) 13 juin 2022 (France 0-1 Croatie) 46 0 Lucas Digne
65%
CdM 2022 1er septembre 2021 (France 1-1 Bosnie-Herzégovine) 30 novembre 2022 (Tunisie 1-0 France) 6 0 Jordan Veretout
64%
CdM 2018, Euro 2020 27 mars 2018 (Russie 1-3 France) 13 juin 2022 (France 0-1 Croatie) 28 0 Presnel Kimpembe
64%
CdM 2018, Euro 2020 15 novembre 2016 (France 0-0 Côte d'Ivoire) 1er septembre 2021 (France 1-1 Bosnie-Herzégovine) 27 4 Thomas Lemar
62%
CdM 2022 16 novembre 2021 (Finlande 0-2 France) 26 mars 2024 (France 3-2 Chili) 8 1 Mattéo Guendouzi
61%
CdM 2018, Euro 2020 28 mars 2017 France 0-2 Espagne 23 juin 2021 (France 2-2 Portugal) 28 2 Corentin Tolisso
58%
Euro 2020 23 mars 2018 (France 2-3 Colombie) 6 juin 2022 (France 0-1 Croatie) 19 3 Wissam Ben Yedder
44%
Euro 2020 11 juin 2019 (Andorre 0-4 France) 16 novembre 2021 (France 8-0 Kazakhstan) 15 1 Clément Lenglet
41%
Euro 2020 10 octobre 2009 (France 5-0 Îles Féroé) 28 juin 2021 (France 3-3 Suisse) 71 2 Moussa Sissoko
39%
CdM 2022 30 novembre 2022 (Tunisie 1-0 France) 18 novembre 2023 (Grèce 2-2 France) 5 0 Axel Disasi
35%
Euro 2020 2 juin 2019 France 2-0 Bolivie 16 novembre 2021 (Finlande 0-2 France) 13 0 Léo Dubois
35%
Euro 2020 29 mars 2015 (France 2-0 Danemark) 16 novembre 2021 (Finlande 0-2 France) 11 1 Kurt Zouma
24%
Aucun quiz correspondant
Distribution des résultats
% des personnes avec chaque résultat
Percentile par nombre de réponses
Votre historique - résultats
Vous n’avez pas pris ce quiz